Hackez le quiz #1 - Statistiques

Statistiques générales
  • Ce quiz a été pris 4 362 fois
  • Le résultat moyen est 14 sur 32
Statistiques - réponses
Code Mot % Correct
12 de
86%
11 en
72%
01 Indonésie
71%
16 l'
65%
27 la
64%
31 la
63%
18 Pays
62%
07 Nommez
53%
54 appelée
53%
00 2002.
51%
09 Quelle
51%
40 est
50%
48 Pays
49%
67 montagne
47%
89 séparé
47%
78 "Grosse
45%
57 du
43%
63 avec
41%
73 haute
39%
91 plus
39%
83 russe.
37%
80 monde.
36%
97 des
36%
66 ville
34%
86 Pomme" ?
34%
59 népalaise
33%
96 et
30%
70 frontières
21%
Everest
16%
New York
11%
La Chine
6%
Timor oriental
4%
Aucun quiz correspondant
Distribution des résultats
% des personnes avec chaque résultat
Percentile par nombre de réponses
Votre historique - résultats
Vous n’avez pas pris ce quiz